[Event "Buenos Aires Duchamp Memorial op 4th"]
[Site "Buenos Aires"]
[Date "2012.10.25"]
[Round "4"]
[White "Juarez, Alberto"]
[Black "Picollo, Pablo"]
[Result "1-0"]
[WhiteElo "2164"]
[BlackElo "1967"]
[PlyCount "116"]
[EventDate "2012.10.22"]
[EventType "swiss"]
[EventRounds "9"]
[EventCountry "ARG"]
[SourceTitle "EXT 2013"]
[Source "ChessBase"]
[SourceDate "2012.11.22"]
[SourceVersion "1"]
[SourceVersionDate "2012.11.22"]
[SourceQuality "1"]

1. d4 Nf6 2. c4 e6 3. Nc3 b6 4. e4 Bb7 5. f3 d6 6. Bd3 Be7 7. Nge2 Nbd7 8. Ng3 c5 9. d5 Ne5 10. Be2 h5 11. 0-0 h4 12. Nh1 Qd7 13. Nf2 0-0-0 14. f4 Ng6 15. Nh3 e5 16. f5 Nf8 17. a3 N8h7 18. b4 Rdg8 19. b5 g6 20. Qd3 gxf5 21. Rxf5 Rg6 22. Nd1 Rhg8 23. Ne3 Kb8 24. Bd2 Bc8 25. Kh1 Qd8 26. Rf2 Bxh3 27. gxh3 Ng5 28. Bg4 Nfxe4 29. Rg2 Nf6 30. Rf1 e4 31. Qe2 Nxg4 32. Nxg4 Nf3 33. Qxe4 Nxd2 34. Rxd2 Bg5 35. Re2 Rf8 36. Ref2 Re8 37. Qd3 Qe7 38. Rxf7 Qe4+ 39. Qxe4 Rxe4 40. Rf8+ Kc7 41. Ra8 Kb7 42. Rff8 Be7 43. Rfb8+ Kc7 44. Rc8+ Kd7 45. Rc6 Rxc4 46. Rxa7+ Ke8 47. Rxb6 Rg5 48. Rb8+ Kf7 49. Rbb7 Re4 50. b6 Rxd5 51. Kg2 c4 52. Rc7 Rb5 53. b7 Rb3 54. Nf2 Re2 55. Rxc4 d5 56. Rf4+ Ke6 57. Rf3 Rbb2 58. Kf1 Bc5 1-0

[Event "Buenos Aires Legislatura op 4th"]
[Site "Buenos Aires"]
[Date "2011.11.30"]
[Round "2"]
[White "Juarez, Alberto"]
[Black "Lemos, Damian"]
[Result "0-1"]
[WhiteElo "2244"]
[BlackElo "2542"]
[PlyCount "98"]
[EventDate "2011.11.29"]
[EventType "swiss"]
[EventRounds "9"]
[EventCountry "ARG"]
[SourceTitle "EXT 2014"]
[Source "ChessBase"]
[SourceDate "2013.11.20"]
[SourceVersion "1"]
[SourceVersionDate "2013.11.20"]
[SourceQuality "1"]

1. d4 Nf6 2. c4 g6 3. Nc3 d5 4. cxd5 Nxd5 5. e4 Nxc3 6. bxc3 Bg7 7. Nf3 c5 8. Be2 Nc6 9. Be3 Bg4 10. Bb5 0-0 11. Bxc6 bxc6 12. 0-0 cxd4 13. Bxd4 Bxf3 14. gxf3 Qa5 15. Bxg7 Kxg7 16. Qd4+ Kg8 17. Qc4 Rfd8 18. Rad1 Rab8 19. Rd4 Qg5+ 20. Kh1 Qf4 21. Qe2 Rxd4 22. cxd4 e6 23. Rg1 Rb4 24. Qe3 Qd6 25. Rd1 Ra4 26. Rd2 Ra3 27. Qe2 Qf4 28. Rd3 Qc1+ 29. Kg2 Qg5+ 30. Kh1 Qb5 31. Rd2 Qxe2 32. Rxe2 Rxf3 33. Rc2 Rd3 34. Rc4 Rd2 35. Kg2 Rxa2 36. Rxc6 Ra5 37. Kg3 Kg7 38. Rc7 Kf6 39. f3 h6 40. e5+ Kg7 41. Kf4 g5+ 42. Ke4 Kg6 43. h3 Ra1 44. Rb7 a5 45. Ra7 a4 46. Ke3 a3 47. Kf2 a2 48. Kg2 Rd1 49. Rxa2 Rxd4 0-1

[Event "Chesspangenberg op 1st"]
[Site "Buenos Aires"]
[Date "2003.11.12"]
[Round "8"]
[White "Juarez, Alberto"]
[Black "Della Morte, German"]
[Result "0-1"]
[WhiteElo "2235"]
[BlackElo "2049"]
[PlyCount "114"]
[EventDate "2003.11.04"]
[EventType "swiss"]
[EventRounds "9"]
[EventCountry "ARG"]
[SourceTitle "EXT 2004"]
[Source "ChessBase"]
[SourceDate "2003.11.25"]
[SourceVersion "1"]
[SourceVersionDate "2003.11.25"]
[SourceQuality "1"]

1. e4 e5 2. Nf3 Nf6 3. d4 Nxe4 4. dxe5 d5 5. Nbd2 Nc5 6. Nb3 Be6 7. Nxc5 Bxc5 8. Bd3 Be7 9. Bf4 c5 10. c3 Nc6 11. Qc2 c4 12. Bf5 d4 13. Bxe6 fxe6 14. Qe4 dxc3 15. bxc3 Qd3 16. Qxd3 cxd3 17. Kd2 Rd8 18. Be3 Rf8 19. Bd4 Rxf3 20. gxf3 Nxd4 21. cxd4 Rxd4 22. Kc3 Rd5 23. Rad1 d2 24. Rhg1 Kf7 25. Rg4 a5 26. Kc2 Bb4 27. Re4 Rc5+ 28. Kd3 b5 29. Rf4+ Ke7 30. Rg4 g6 31. a3 Bc3 32. Re4 b4 33. axb4 axb4 34. f4 Kd7 35. h4 h5 36. f3 Kc6 37. Rc4 Kb5 38. Rxc5+ Kxc5 39. Rg1 Bd4 40. Rd1 Bc3 41. Rb1 Kb5 42. Rd1 Ka4 43. Kc2 Kb5 44. Kd3 Ka4 45. Kc2 Ka3 46. Rb1 Ka2 47. Rd1 Bd4 48. Kxd2 b3 49. Kd3 Bc5 50. Rf1 Be7 51. Rf2+ b2 52. Kc3 Ba3 53. Kc4 Ka1 54. Rxb2 Kxb2 55. Kb5 Be7 56. Kc6 Bxh4 57. Kd7 Be1 0-1

[Event "Villa Ballester Siembra op"]
[Site "Villa Ballester"]
[Date "1996.??.??"]
[Round "9"]
[White "Juarez, Alberto"]
[Black "Campitelli, Guillermo"]
[Result "1-0"]
[WhiteElo "2290"]
[BlackElo "2170"]
[PlyCount "112"]
[EventDate "1996.??.??"]
[EventType "swiss"]
[EventRounds "9"]
[EventCountry "ARG"]
[SourceTitle "CBM 051 Extra"]
[Source "ChessBase"]
[SourceDate "1996.05.01"]
[SourceVersion "1"]
[SourceVersionDate "1996.05.01"]
[SourceQuality "1"]

1. d4 d5 2. c4 e6 3. Nc3 Be7 4. Nf3 Nf6 5. Bf4 c5 6. dxc5 Bxc5 7. e3 0-0 8. cxd5 exd5 9. Be5 Be6 10. Bd4 Bd6 11. Be2 Nc6 12. 0-0 Nxd4 13. Nxd4 Rc8 14. Qb3 Qe7 15. Bf3 Rfd8 16. g3 a6 17. Rfd1 Be5 18. Rd3 b5 19. a3 Qc7 20. Rc1 Nd7 21. Qd1 Nb6 22. b3 Qe7 23. Nxe6 fxe6 24. Bg4 Bf6 25. Ne2 Rxc1 26. Qxc1 Rc8 27. Qd2 Re8 28. e4 Qxa3 29. Nf4 dxe4 30. Rd6 Nc8 31. Rxe6 Rd8 32. Qc2 Nd6 33. Qc7 Qa1+ 34. Kg2 Qc3 35. Qb6 Qd4 36. Qxa6 Qc5 37. Qa5 Re8 38. Rxe8+ Nxe8 39. Qa8 Qe5 40. Bd7 Kf7 41. Bxe8+ Qxe8 42. Qd5+ Kf8 43. Ne6+ Ke7 44. Nc5 Qc8 45. Qxe4+ Kf7 46. Qd5+ Kg6 47. Nd3 Qe8 48. Nf4+ Kh6 49. Qe6 Qxe6 50. Nxe6 Kg6 51. g4 Be5 52. h4 Kf6 53. Nc5 Bd4 54. Nd3 Ke6 55. f4 Kd5 56. Kf3 h6 1-0

[Event "Buenos Aires CC Jaque Mate op"]
[Site "Buenos Aires"]
[Date "1995.??.??"]
[Round "?"]
[White "Giaccio, Alfredo Gustavo"]
[Black "Juarez, Alberto"]
[Result "1/2-1/2"]
[WhiteElo "2390"]
[BlackElo "2295"]
[PlyCount "80"]
[EventDate "1995.??.??"]
[EventType "swiss"]
[EventRounds "7"]
[EventCountry "ARG"]
[SourceTitle "EXT 2004"]
[Source "ChessBase"]
[SourceDate "2003.11.25"]
[SourceVersion "1"]
[SourceVersionDate "2003.11.25"]
[SourceQuality "1"]

1. d4 d5 2. c4 c6 3. Nc3 Nf6 4. Nf3 e6 5. e3 Nbd7 6. Qc2 Bd6 7. h3 a6 8. Be2 dxc4 9. Bxc4 b5 10. Bd3 Bb7 11. a4 Rc8 12. 0-0 0-0 13. Qe2 Rc7 14. Rd1 b4 15. Ne4 Nxe4 16. Bxe4 Qa8 17. b3 Nf6 18. Bd3 c5 19. Bb2 cxd4 20. Bxd4 e5 21. Nxe5 Bxg2 22. Ng4 Bf3 23. Nxf6+ gxf6 24. Qd2 Bxd1 25. Qxd1 f5 26. f4 f6 27. Kh2 Rg7 28. Ra2 Qb8 29. Qf3 Qd8 30. Bxa6 Qe7 31. Bd3 Kh8 32. Rc2 Qe6 33. Bc4 Qc8 34. Qd5 Rd8 35. Qe6 Qb8 36. Qxf5 Bxf4+ 37. exf4 Rxd4 38. Bd5 Qd8 39. Rc8 Rd2+ 40. Kh1 Rd1+ 1/2-1/2

[Event "Buenos Aires tt"]
[Site "Buenos Aires"]
[Date "1995.??.??"]
[Round "7"]
[White "Juarez, Alberto"]
[Black "Farah, Rodolfo"]
[Result "1-0"]
[WhiteElo "2275"]
[BlackElo "2165"]
[PlyCount "103"]
[EventDate "1995.??.??"]
[EventType "team"]
[EventRounds "7"]
[EventCountry "ARG"]
[SourceTitle "EXT 1998"]
[Source "ChessBase"]
[SourceDate "1997.11.17"]
[SourceVersion "1"]
[SourceVersionDate "1997.11.17"]
[SourceQuality "1"]

1. e4 e5 2. Nf3 Nc6 3. d4 exd4 4. Nxd4 Bc5 5. Be3 Qf6 6. c3 Nge7 7. Bc4 0-0 8. 0-0 Bb6 9. Nc2 Qg6 10. Nd2 d5 11. exd5 Bf5 12. Nd4 Nxd4 13. cxd4 Bxd4 14. Bxd4 Rad8 15. Qf3 c6 16. Rfe1 Nxd5 17. Re5 Bg4 18. Qg3 Nf6 19. Bd3 Qh6 20. Nb3 Be6 21. Nc5 Rxd4 22. Nxe6 fxe6 23. Rxe6 Qd2 24. Bf5 Rf4 25. Re7 Nh5 26. Be6+ Kh8 27. Qe3 Qxb2 28. Rf1 Qb4 29. Bb3 Nf6 30. a3 Qxa3 31. Rxb7 Ng4 32. Qc3 R4f6 33. h3 Qa6 34. Re7 Nh6 35. Bc2 Ng8 36. Rd7 Qb6 37. Qg3 R6f7 38. Qh4 Nf6 39. Rxf7 Rxf7 40. Rd1 Qc7 41. g4 h6 42. g5 Ng8 43. Qe4 g6 44. gxh6 Nxh6 45. Qe8+ Kg7 46. Rd8 Kf6 47. Rc8 Qe7 48. Rxc6+ Kg5 49. Rxg6+ Kh5 50. Qb5+ Nf5 51. Bxf5 a6 52. Qd5 1-0

[Event "Lomas de Zamora op"]
[Site "Lomas de Zamora"]
[Date "1995.??.??"]
[Round "7"]
[White "Juarez, Alberto"]
[Black "Llanos, Guillermo"]
[Result "1-0"]
[WhiteElo "2295"]
[BlackElo "2360"]
[PlyCount "79"]
[EventDate "1995.??.??"]
[EventType "swiss"]
[EventRounds "9"]
[EventCountry "ARG"]
[SourceTitle "EXT 2004"]
[Source "ChessBase"]
[SourceDate "2003.11.25"]
[SourceVersion "1"]
[SourceVersionDate "2003.11.25"]
[SourceQuality "1"]

1. e4 c5 2. Nf3 d6 3. d4 cxd4 4. Nxd4 Nf6 5. Nc3 a6 6. f4 e6 7. Be3 Be7 8. Qf3 Qc7 9. 0-0-0 0-0 10. g4 Nc6 11. g5 Nd7 12. h4 Nxd4 13. Bxd4 b5 14. Bd3 b4 15. Ne2 Bb7 16. Ng3 Nc5 17. Kb1 Rfc8 18. Rc1 a5 19. f5 exf5 20. Nxf5 Bf8 21. h5 Ne6 22. Be3 a4 23. c4 bxc3 24. Rxc3 Qa5 25. Rxc8 Rxc8 26. g6 fxg6 27. hxg6 hxg6 28. Nd4 Qe5 29. Rf1 Qf6 30. Qg4 Qe5 31. Qxe6+ Qxe6 32. Nxe6 Be7 33. Bd4 Bh4 34. Rc1 Bf6 35. Rxc8+ Bxc8 36. Bc4 Kh7 37. Be3 g5 38. Nxg5+ Kh6 39. Nf7+ Kh5 40. Nxd6 1-0

[Event "Buenos Aires Clarin op"]
[Site "Buenos Aires"]
[Date "1995.??.??"]
[Round "9"]
[White "Juarez, Alberto"]
[Black "Slipak, Sergio"]
[Result "0-1"]
[WhiteElo "2295"]
[BlackElo "2450"]
[PlyCount "128"]
[EventDate "1995.05.??"]
[EventType "swiss"]
[EventRounds "9"]
[EventCountry "ARG"]
[SourceTitle "CBM 046 Extra"]
[Source "ChessBase"]
[SourceDate "1995.07.01"]
[SourceVersion "1"]
[SourceVersionDate "1995.07.01"]
[SourceQuality "1"]

1. e4 e5 2. Nf3 Nc6 3. Bb5 Nf6 4. Nc3 Bb4 5. 0-0 0-0 6. d3 Bxc3 7. bxc3 d6 8. Re1 Qe7 9. h3 Nd8 10. Be3 Bd7 11. Bc4 Be6 12. Bb3 c5 13. Ng5 Bxb3 14. axb3 d5 15. exd5 Nxd5 16. Qd2 f6 17. Ne4 Ne6 18. c4 Nxe3 19. fxe3 f5 20. Nc3 Qd6 21. Rf1 a6 22. Nd5 Rf7 23. b4 b5 24. bxc5 Qxc5 25. Qb4 bxc4 26. Qxc5 Nxc5 27. dxc4 g6 28. Rfb1 Rc8 29. Rb6 Kg7 30. Ra3 g5 31. Nb4 Rf6 32. Rxf6 Kxf6 33. Ra5 f4 34. exf4 gxf4 35. Nd3 Nd7 36. Rxa6+ Kf5 37. Rd6 Nf6 38. Ra6 Rxc4 39. Ra5 Nd7 40. Rd5 Rc7 41. Rd6 Nf6 42. Ne1 Ra7 43. Rd1 e4 44. Rb1 Ke5 45. Kf2 Nd5 46. g3 f3 47. Nxf3+ exf3 48. Kxf3 Rf7+ 49. Kg4 Rf5 50. Re1+ Kf6 51. c4 h5+ 52. Kh4 Ne7 53. g4 Ng6+ 54. Kg3 h4+ 55. Kg2 Ra5 56. Kf3 Ne5+ 57. Ke4 Nxc4 58. Rf1+ Kg6 59. Rf8 Nd6+ 60. Kf4 Ra4+ 61. Ke5 Nf7+ 62. Kd5 Ra3 63. Ke6 Re3+ 64. Kd5 Rxh3 0-1

[Event "Buenos Aires FMD op"]
[Site "Buenos Aires"]
[Date "1993.??.??"]
[Round "6"]
[White "Cativelli, Gerardo"]
[Black "Juarez, Alberto"]
[Result "0-1"]
[WhiteElo "2225"]
[BlackElo "2260"]
[PlyCount "82"]
[EventDate "1993.??.??"]
[EventType "swiss"]
[EventRounds "9"]
[EventCountry "ARG"]
[SourceTitle "EXT 1998"]
[Source "ChessBase"]
[SourceDate "1997.11.17"]
[SourceVersion "1"]
[SourceVersionDate "1997.11.17"]
[SourceQuality "1"]

1. e4 e5 2. Nf3 Nc6 3. d4 exd4 4. Nxd4 Nf6 5. Nxc6 bxc6 6. e5 Ne4 7. Qf3 Ng5 8. Qg3 Ne6 9. Be3 d6 10. Nd2 g6 11. 0-0-0 Bg7 12. f4 Qe7 13. Bf2 Rb8 14. c3 0-0 15. Bc4 a5 16. Rhe1 d5 17. Bd3 f5 18. Bc2 c5 19. h4 Bh6 20. Qf3 c6 21. g3 c4 22. Ba4 Qb7 23. b3 Rd8 24. Kc2 cxb3+ 25. axb3 c5 26. Rb1 Bd7 27. h5 Bxa4 28. bxa4 Qd7 29. Ra1 g5 30. Red1 gxf4 31. gxf4 Qf7 32. Rg1+ Kh8 33. Bh4 d4 34. Bf6+ Ng7 35. Bxd8 Rxd8 36. Rgb1 dxc3 37. Kxc3 Qd7 38. Rd1 Qd4+ 39. Kc2 Bxf4 40. Qc3 Qxc3+ 41. Kxc3 Bxe5+ 0-1

[Event "Buenos Aires op2"]
[Site "Buenos Aires"]
[Date "1993.??.??"]
[Round "7"]
[White "Juarez, Alberto"]
[Black "Velazco, Emilio"]
[Result "1-0"]
[WhiteElo "2280"]
[BlackElo "1965"]
[PlyCount "35"]
[EventDate "1993.??.??"]
[EventType "swiss"]
[EventRounds "7"]
[EventCountry "ARG"]
[SourceTitle "EXT 2000"]
[Source "ChessBase"]
[SourceDate "1999.11.16"]
[SourceVersion "1"]
[SourceVersionDate "1999.11.16"]
[SourceQuality "1"]

1. e4 c5 2. Nf3 e6 3. d4 cxd4 4. Nxd4 Bc5 5. Nb3 Bb6 6. Bd3 Ne7 7. Bg5 0-0 8. Nc3 Nbc6 9. 0-0 Qe8 10. Nb5 f5 11. Nd6 Qg6 12. Bxe7 Nxe7 13. exf5 Nxf5 14. Bxf5 exf5 15. c4 f4 16. c5 Bc7 17. Re1 f3 18. Qd5+ 1-0

[Event "Villa Ballester op"]
[Site "Villa Ballester"]
[Date "1992.??.??"]
[Round "4"]
[White "Aguila, Gustavo"]
[Black "Juarez, Alberto"]
[Result "1-0"]
[WhiteElo "2320"]
[BlackElo "2265"]
[PlyCount "131"]
[EventDate "1992.??.??"]
[EventType "swiss"]
[EventRounds "9"]
[EventCountry "ARG"]
[SourceTitle "EXT 1998"]
[Source "ChessBase"]
[SourceDate "1997.11.17"]
[SourceVersion "1"]
[SourceVersionDate "1997.11.17"]
[SourceQuality "1"]

1. e4 c5 2. f4 d5 3. exd5 Qxd5 4. Nc3 Qd8 5. Nf3 Nc6 6. Bb5 Bd7 7. b3 e6 8. Bb2 Nf6 9. Qe2 Be7 10. 0-0-0 0-0 11. Ne4 Nd4 12. Nxd4 cxd4 13. Nxf6+ Bxf6 14. g4 Bxb5 15. Qxb5 d3 16. Qxd3 Qxd3 17. cxd3 Rfd8 18. Bc3 Rxd3 19. Kc2 Rd5 20. g5 Be7 21. Rhe1 Rc8 22. Re4 Bd6 23. Rf1 Kf8 24. Rf3 g6 25. Rh3 Kg8 26. Ree3 h5 27. gxh6 Kh7 28. Re4 Rh5 29. Rd3 Rc6 30. Rc4 Rxc4 31. bxc4 Bxf4 32. Rd7 Kxh6 33. Rxf7 Bxh2 34. Rxb7 Rc5 35. Kb3 Rc7 36. Rxc7 Bxc7 37. Bd4 a6 38. Kb4 Kg5 39. Kc5 Kf5 40. Kc6 Ke4 41. Be3 Bf4 42. Kb7 Bxe3 43. dxe3 g5 44. c5 g4 45. c6 g3 46. c7 g2 47. c8Q g1Q 48. Qxe6+ Kd3 49. Kxa6 Kc3 50. Kb6 Qg5 51. Qb3+ Kd2 52. Qb2+ Kd3 53. Qd4+ Ke2 54. Qc4+ Kd2 55. e4 Qd8+ 56. Kb5 Qb8+ 57. Ka4 Qa7+ 58. Kb5 Qb7+ 59. Kc5 Qe7+ 60. Kd5 Qd7+ 61. Ke5 Qg7+ 62. Kd6 Qf8+ 63. Kd7 Qg7+ 64. Kc6 Qf6+ 65. Kb5 Qe5+ 66. Qd5+ 1-0

[Event "Buenos Aires Najdorf qual"]
[Site "Buenos Aires"]
[Date "1992.??.??"]
[Round "11"]
[White "Amura, Claudia Noemi"]
[Black "Juarez, Alberto"]
[Result "1/2-1/2"]
[WhiteElo "2355"]
[BlackElo "2265"]
[PlyCount "51"]
[EventDate "1992.??.??"]
[EventType "swiss"]
[EventRounds "11"]
[EventCountry "ARG"]
[SourceTitle "EXT 1997"]
[Source "ChessBase"]
[SourceDate "1996.11.15"]
[SourceVersion "1"]
[SourceVersionDate "1996.11.15"]
[SourceQuality "1"]

1. d4 d5 2. c4 e6 3. Nc3 c5 4. cxd5 exd5 5. Nf3 Nc6 6. g3 c4 7. Bg2 Bb4 8. 0-0 Nge7 9. a3 Ba5 10. e4 0-0 11. exd5 Nxd5 12. Nxd5 Qxd5 13. Ne5 Qb5 14. a4 Qa6 15. Nxc6 bxc6 16. Qf3 Bd7 17. Bf4 Rac8 18. Rfc1 Be6 19. Bf1 Rfd8 20. b3 Rxd4 21. Be3 Rd7 22. Bxc4 Bxc4 23. Rxc4 Qb7 24. Rac1 Rd6 25. Qf5 Bb6 26. Bc5 1/2-1/2